Tâm lí học dạy học
Đã lưu trong:
| Príomhúdar: | |
|---|---|
| Formáid: | Leabhar |
| Teanga: | Undetermined |
| Foilsithe: |
Hà Nội
Đại học Quốc gia Hà Nội
2000
|
| Ábhair: | |
| Clibeanna: |
Cuir Clib Leis
Gan Chlibeanna, Bí ar an gcéad duine leis an taifead seo a chlibeáil!
|
| Thư viện lưu trữ: | Trung tâm Học liệu Trường Đại học Cần Thơ |
|---|
| LEADER | 00579nam a2200193Ia 4500 | ||
|---|---|---|---|
| 001 | CTU_40640 | ||
| 008 | 210402s9999 xx 000 0 und d | ||
| 082 | |a 370.15 | ||
| 082 | |b Đ103 | ||
| 100 | |a Hồ Ngọc Đại | ||
| 245 | 0 | |a Tâm lí học dạy học | |
| 245 | 0 | |c Hồ Ngọc Đại | |
| 260 | |a Hà Nội | ||
| 260 | |b Đại học Quốc gia Hà Nội | ||
| 260 | |c 2000 | ||
| 526 | |a Tâm lý học sư phạm | ||
| 526 | |b SP010 | ||
| 650 | |a educational psychology,psychology, applied | ||
| 980 | |a Trung tâm Học liệu Trường Đại học Cần Thơ | ||